| 000 | 00580nam a2200181 i 4500 | ||
|---|---|---|---|
| 001 | 84017 | ||
| 003 | ES-MaACL | ||
| 005 | 20230906174930.0 | ||
| 007 | t| | ||
| 008 | 041119s1980 sp ||||1| spa d | ||
| 100 | 1 |
_aJaulin-Mannoni, Francine. _966172 |
|
| 245 | 1 | 4 |
_aLas cuatro operaciones básicas de las matemáticas / _cFrancine Jaulin-Mannoni ; [traducción, Mercedes Tejedor]. |
| 250 | _a[1ª ed.]. | ||
| 260 |
_a[Madrid] : _bPablo del Río, _c[1980] |
||
| 300 |
_a137 p. : _bil. ; _c24 cm. |
||
| 700 | 1 |
_aTejedor, Mercedes. _9109573 |
|
| 852 |
_aES-MaACL _jL-105 _bR.100868 |
||
| 999 |
_c84017 _d84017 |
||